| 000 | 01551nam a2200421 i 4500 | ||
|---|---|---|---|
| 001 | 196852 | ||
| 003 | ES-MaACL | ||
| 005 | 20250731063053.0 | ||
| 008 | 250108s2007 sp | ||| ||spa | ||
| 015 | _aMON07 | ||
| 016 | 7 |
_abimoBNE20070497099 _2SpMaBN |
|
| 017 |
_aB 47721-2007 _bOficina Depósito Legal Barcelona |
||
| 020 | _a9788483835043 | ||
| 035 | _a(OCoLC)434366218 | ||
| 035 | _a(SpMaBN)bimo0002223209 | ||
| 040 |
_aSpMaBN _bspa _cSpMaBN _erdc |
||
| 080 | _a821.521-31"19" | ||
| 100 | 1 |
_aMurakami, Haruki, _d1949- _9241444 _eaut |
|
| 240 | 1 | 0 |
_aNoruwei no mori _lEspañol |
| 245 | 1 | 0 |
_aTokio blues = _bNorwegian Wood / _cHaruki Murakami ; tradución del japonés de Lourdes Porta _h[Texto impreso] |
| 246 | 3 | 1 | _aNorwegian Wood |
| 250 | _aCuarta edición en colección Maxi | ||
| 260 |
_aBarcelona : _bMaxi Tusquets, _c2007. |
||
| 300 |
_a381 páginas ; _c21 cm |
||
| 336 |
_2rdacontent _atexto |
||
| 337 |
_2rdamedia _asin mediación |
||
| 338 |
_2rdacarrier _avolumen |
||
| 490 | 1 |
_aMaxi (Maxi Tusquets Editores) ; _v003/1 |
|
| 594 | _aTraducción de: Noruwei no mori | ||
| 700 | 1 |
_993175 _aPorta, Lourdes _etrl |
|
| 852 |
_aES-MaACL _cDEPOJ _jN-10278 _hDonación: José Lázaro García _xEncuadernación rústica _9206399 |
||
| 903 |
_9234219 _aLázaro García, José _ednr |
||
| 942 |
_cMONOGRAFIA _n0 |
||
| 999 |
_c196852 _d196852 |
||